| 000 | 01017nmm a2200349 a 4500 | ||
|---|---|---|---|
| 003 | AR-BaBNM | ||
| 005 | 20251128204535.0 | ||
| 008 | 011101s1992 ||||||||||||||000 | spa|| | ||
| 020 | _a950-16-3056-0 | ||
| 040 | _cAR-BaBNM | ||
| 100 | 1 | _aCanestro, Elsa | |
| 245 | 1 | 0 |
_aDisfrutar aprendiendo ciencias _breflexión y práctica en la escuela primaria |
| 250 | _a1ª ed. | ||
| 260 |
_aBuenos Aires _bTroquel _c1992 |
||
| 300 |
_a109 p. _bil., fot.,gráfs. |
||
| 504 | _aBibliografía: p. 101-103 | ||
| 650 | 4 | _aENSENANZA DE LA CIENCIA | |
| 650 | 4 | _aCIENCIAS [NIVEL PRIMARIO] | |
| 650 | 4 | _aFORMACION CIENTIFICA | |
| 650 | 4 | _aTECNICAS DIDACTICAS | |
| 650 | 4 | _aTECNICAS DE ENSENANZA | |
| 650 | 4 | _aTALLERES ESCOLARES | |
| 650 | 4 | _aMETODOS DE ENSENANZA | |
| 650 | 4 | _aEVALUACION | |
| 650 | 4 | _aCREATIVIDAD | |
| 650 | 4 | _aMATERIAL Y EQUIPO DIDACTICOS | |
| 653 | _aINNOVACIONES EDUCATIVAS | ||
| 653 | _aEDUCACION PRIMARIA | ||
| 700 | 1 |
_aVasini, Enrique J. _ecolaborador |
|
| 942 | _cBK | ||
| 998 | _cEthel | ||
| 999 |
_c7837 _d7837 |
||